Globalización y pobreza / (Registro nro. 28013)

Detalles MARC
000 -LEADER
fixed length control field 00932nam a2200253Ia 4500
003 - CONTROL NUMBER IDENTIFIER
control field CO-CtgCURN
005 - DATE AND TIME OF LATEST TRANSACTION
control field 20250407224832.0
008 - FIXED-LENGTH DATA ELEMENTS--GENERAL INFORMATION
fixed length control field 190722s9999 xx 000 0 und d
020 ## - INTERNATIONAL STANDARD BOOK NUMBER
International Standard Book Number 9586825930
040 ## - CATALOGING SOURCE
Original cataloging agency CO-CtgCURN
Language of cataloging spa
Transcribing agency coctgcurn
082 ## - DEWEY DECIMAL CLASSIFICATION NUMBER
Classification number 338.9
Item number G619g
100 ## - MAIN ENTRY--PERSONAL NAME
Personal name Goldin, Ian
245 #0 - TITLE STATEMENT
Title Globalización y pobreza /
Statement of responsibility, etc. Ian Goldin, Kenneth A. Reinert; traducción., Jesus Villamizar Herrera
260 ## - PUBLICATION, DISTRIBUTION, ETC.
Place of publication, distribution, etc. Bogotá, Colombia :
Name of publisher, distributor, etc. Alfaomega,
Date of publication, distribution, etc. 2005
300 ## - PHYSICAL DESCRIPTION
Extent 64 páginas ;
Dimensions 21 centímetros
490 ## - SERIES STATEMENT
Series statement Serie Desarrollo para todos ,
500 ## - GENERAL NOTE
General note Titulo original : Can globalization work for poor people
504 ## - BIBLIOGRAPHY, ETC. NOTE
Bibliography, etc. note Incluye referencias bibliográficas
521 ## - TARGET AUDIENCE NOTE
Target audience note AREA SOCIOHUMANISTICA
590 ## - LOCAL NOTE (RLIN)
Local note Todos los programas académicos
650 ## - SUBJECT ADDED ENTRY--TOPICAL TERM
Topical term or geographic name entry element Desarrollo económico
942 ## - ADDED ENTRY ELEMENTS (KOHA)
Koha item type Libros
Classification part 338.9
Item part G619g
Koha issues (borrowed), all copies 3
Source of classification or shelving scheme Dewey Decimal Classification
Suppress in OPAC No
Existencias
Withdrawn status Lost status Damaged status Not for loan Collection Home library Current library Shelving location Date acquired Inventory number Total checkouts Full call number Barcode Date last seen Date last checked out Copy number Price effective from Koha item type
          Miguel Henríquez Castañeda Barranquilla Miguel Henríquez Castañeda Barranquilla General 05/23/2018 03834 3 338.9 G619g 03834 09/02/2019 09/02/2019 ej.1 07/22/2019 Libros